00374 a2200121 4500001001000000005001700010008004100027245005100068100003000119700002200149773006400171999001700235ART_1929020260410161921.0260409a 10aAcerca de algunas formalidades en la ley 195501 aDealecsandris, Ricardo P.1 aQuian, Roberto J.0 tLa informacióng- Tomo XLI, Nº 601 (ene. 1980)wREV14902 c27758d27758